[Event "TUR-chT2"]
[Site "Konya"]
[Date "2017.07.14"]
[Round "8.5"]
[White "Ozdemir, Azra"]
[Black "Eraslan, Yagmur"]
[Result "0-1"]
[WhiteElo "1230"]
[BlackElo "1454"]
[PlyCount "84"]
[EventDate "2017.07.09"]
[EventType "team-swiss"]
[EventRounds "9"]
[EventCountry "TUR"]
[SourceTitle "CBM 179 Extra"]
[Source "ChessBase"]
[SourceDate "2017.08.23"]
[SourceVersion "1"]
[SourceVersionDate "2017.08.23"]
[SourceQuality "1"]
[WhiteTeam "Masal Diyari"]
[BlackTeam "Trabzon Feda"]
[WhiteTeamCountry "TUR"]
[BlackTeamCountry "TUR"]

1. e4 e6 2. d3 d5 3. Nd2 Nf6 4. Ngf3 Nc6 5. g3 b6 6. Bg2 Bb7 7. 0-0 dxe4 8. dxe4 Qd7 9. c3 0-0-0 10. Re1 Ng4 11. Qe2 Bc5 12. Nd4 Nxf2 13. N2b3 Nd3 14. Qxd3 e5 15. Be3 exd4 16. cxd4 Bxd4 17. Nxd4 Nxd4 18. Bxd4 Qxd4+ 19. Qxd4 Rxd4 20. Rad1 Rhd8 21. Rxd4 Rxd4 22. Re2 Kd8 23. e5 Bxg2 24. Kxg2 Ke7 25. b3 Ke6 26. Kf3 g5 27. h3 h5 28. Re3 g4+ 29. hxg4 hxg4+ 30. Ke2 Rd5 31. Rc3 Rxe5+ 32. Kf2 c5 33. a3 Re4 34. a4 Kd5 35. Rc2 Rb4 36. Rc3 Kd4 37. Re3 c4 38. bxc4 Rb2+ 39. Re2 Rxe2+ 40. Kxe2 Kxc4 41. Ke3 Kb4 42. Kf4 Kxa4 0-1

[Event "TUR-chT2"]
[Site "Konya"]
[Date "2017.07.13"]
[Round "7.8"]
[White "Eroglu, Ceren"]
[Black "Ozdemir, Azra"]
[Result "1/2-1/2"]
[WhiteElo "1179"]
[BlackElo "1230"]
[PlyCount "98"]
[EventDate "2017.07.09"]
[EventType "team-swiss"]
[EventRounds "9"]
[EventCountry "TUR"]
[SourceTitle "CBM 179 Extra"]
[Source "ChessBase"]
[SourceDate "2017.08.23"]
[SourceVersion "1"]
[SourceVersionDate "2017.08.23"]
[SourceQuality "1"]
[WhiteTeam "Cesme Yelken"]
[BlackTeam "Masal Diyari"]
[WhiteTeamCountry "TUR"]
[BlackTeamCountry "TUR"]

1. d4 d5 2. Nf3 Nf6 3. Bf4 Bf5 4. c4 e6 5. e3 Nbd7 6. Nc3 c5 7. dxc5 Qa5 8. Be2 Ne4 9. Qc1 Bxc5 10. 0-0 Nxc3 11. Qxc3 Qxc3 12. bxc3 Nb6 13. cxd5 Nxd5 14. Be5 f6 15. Bd4 Rc8 16. Bxc5 Rxc5 17. c4 Nc3 18. Rfe1 Nxe2+ 19. Rxe2 Bd3 20. Rd2 Bxc4 21. h3 e5 22. Rb1 b6 23. Rbd1 0-0 24. Rd7 a5 25. a3 b5 26. Rb7 h6 27. Rdd7 Rf7 28. Rd8+ Rf8 29. Rdd7 Bf7 30. Ra7 b4 31. axb4 axb4 32. Rab7 b3 33. Nd2 Rc1+ 34. Kh2 Rc2 35. Nxb3 f5 36. Na5 f4 37. e4 Rxf2 38. Nc6 f3 39. Nxe5 fxg2 40. Kg1 Rf6 41. Kxg2 g5 42. Nxf7 R6xf7 43. Rxf7 Rxf7 44. Rxf7 Kxf7 45. Kg3 h5 46. h4 gxh4+ 47. Kxh4 Kf6 48. Kxh5 Ke5 49. Kh4 Kxe4 1/2-1/2

[Event "TUR-chT2"]
[Site "Konya"]
[Date "2017.07.11"]
[Round "4.4"]
[White "Cakanel, Dilara"]
[Black "Ozdemir, Azra"]
[Result "1-0"]
[WhiteElo "1485"]
[BlackElo "1230"]
[PlyCount "113"]
[EventDate "2017.07.09"]
[EventType "team-swiss"]
[EventRounds "9"]
[EventCountry "TUR"]
[SourceTitle "CBM 179 Extra"]
[Source "ChessBase"]
[SourceDate "2017.08.23"]
[SourceVersion "1"]
[SourceVersionDate "2017.08.23"]
[SourceQuality "1"]
[WhiteTeam "Hamle Adana"]
[BlackTeam "Masal Diyari"]
[WhiteTeamCountry "TUR"]
[BlackTeamCountry "TUR"]

1. e4 e5 2. Nf3 Nc6 3. Bc4 Bc5 4. d3 Nf6 5. c3 0-0 6. Bg5 d6 7. h3 Be6 8. Nbd2 Re8 9. 0-0 h6 10. Be3 Bb6 11. Bb5 Bd7 12. Ba4 d5 13. Bxb6 axb6 14. exd5 Nxd5 15. Re1 Nf4 16. Bc2 Ne7 17. Nxe5 Neg6 18. Nxg6 Nxg6 19. Rxe8+ Qxe8 20. d4 Rd8 21. Nf3 Be6 22. Qe1 c5 23. Qe3 cxd4 24. Nxd4 Nf8 25. Re1 Qd7 26. Nxe6 Nxe6 27. Bf5 Re8 28. Qxb6 Qd5 29. Bxe6 fxe6 30. Qb3 Qxb3 31. axb3 Kf7 32. f4 Rd8 33. Re2 b6 34. Kf2 Kf6 35. g4 g6 36. Ke3 e5 37. fxe5+ Kxe5 38. Kf3+ Kf6 39. b4 Rd3+ 40. Kg2 b5 41. h4 g5 42. Rf2+ Ke6 43. hxg5 hxg5 44. Kf1 Rg3 45. Re2+ Kd5 46. Rg2 Rxg2 47. Kxg2 Kc4 48. Kf3 Kd3 49. Kf2 Kd2 50. c4 bxc4 51. b5 Kc2 52. b6 Kxb2 53. b7 c3 54. b8Q+ Kc2 55. Ke2 Kc1 56. Qb3 c2 57. Kd3 1-0